Normal view
MARC view
- اللغة العربية -- معاجم -- اللغة الإنجليزية -- اللغة الإنجليزية -- معاجم -- اللغة العربية
Entry Topical Term
001 - CONTROL NUMBER
- control field: 11619
003 - CONTROL NUMBER IDENTIFIER
- control field: JO-AjAnu
005 - DATE AND TIME OF LATEST TRANSACTION
- control field: 20230606072150.0
008 - FIXED-LENGTH DATA ELEMENTS
- fixed length control field: 230606|| aca||aabn | a|a d
040 ## - CATALOGING SOURCE
- Original cataloging agency: JO-AjAnu
- Transcribing agency: JO-AjAnu
150 ## - HEADING--TOPICAL TERM
- Topical term or geographic name entry element: اللغة العربية -- معاجم -- اللغة الإنجليزية -- اللغة الإنجليزية -- معاجم -- اللغة العربية
670 ## - SOURCE DATA FOUND
- Source citation: Work cat.: (JO-AjAnu)5985: إعداد مكتب الدراسات والبحوث، دار الكتب العلمية (بيروت), author 11618, القاموس المزدوج: عربي - إنكليزي، إنكليزي - عربي